000 00623nam a2200181 4500
008 171003b xxu||||| |||| 00| 0 eng d
020 _a0-13-319096-X
082 _21990
_aDC 519.5
_bB46
100 _922928
_aBerenson, Mark L.
245 _aStatistics for business and economics /
_cMark L. Berenson, David M. Levine.
260 _aEnglewood Cliffs, New Jersey :
_bPrentice Hall,
_c©1990.
300 _axi, 596 pages :
_billustrations ;
_c27 cm.
500 _aIncludes index.
650 0 _922929
_aCommercial statistics.
650 0 _922930
_aStatistics.
700 _922931
_aLevine, David M., 1946-
942 _2ddc
_cDC
999 _c7587
_d7587